000 00291nam a2200121Ia 4500
008 191201s2012 xx 000 0 und d
100 _aBOOCH,Grady
245 0 _aUnified Modeling Language User Guide
260 _aN. Delhi
_bPearson
_c2012
300 _a504
650 _aMCA
942 _2ddc
_cBK
999 _c6476
_d6476